|
|
|
|
| LEADER |
00791nam a2200217 a 4500 |
| 008 |
100520s2008 ii a 000 1 eng d |
| 020 |
|
|
|a 9788184000573
|
| 040 |
|
|
|a DLC
|c DLC
|d DLC
|d BD-DhAAL
|
| 082 |
0 |
0 |
|a 823
|2 22
|
| 100 |
1 |
|
|a Desai, Anita,
|d 1937-
|
| 245 |
1 |
0 |
|a Fire on the mountain /
|c Anita Desai.
|
| 260 |
|
|
|a New Delhi :
|b Random House India,
|c 2008.
|
| 300 |
|
|
|a 159 p. :
|b ill. ;
|c 20 cm.
|
| 541 |
1 |
|
|e 00020270
|
| 650 |
|
0 |
|a Mothers and daughters
|x Fiction.
|
| 650 |
|
0 |
|a Grandmothers
|x Fiction.
|
| 651 |
|
0 |
|a India
|x Fiction.
|
| 655 |
|
7 |
|a Domestic fiction.
|2 lcsh
|
| 852 |
4 |
|
|a Ayesha Abed Library
|j General Shelf
|
| 999 |
|
|
|c 8668
|d 8668
|
| 952 |
|
|
|0 0
|1 0
|2 ddc
|4 0
|6 823_DES_200800000000000
|7 0
|9 10425
|a BRACUL
|b BRACUL
|c GEN
|d 2010-05-24
|l 10
|m 35
|o 823 DES
|p 3010020270
|r 2024-03-25
|s 2023-09-10
|t 1
|w 2010-05-24
|y BK
|